Dallas Cowboys 2018-19 STARTING Roster - Statistics

General Stats
  • This quiz has been taken 220 times
    215 since last reset
  • The average score is 19 of 34
Answer Stats
# Position Player % Correct
4 QB Dak Prescott
99%
21 RB Ezekiel Elliott
98%
19 WR Amari Cooper
91%
13 WR Michael Gallup
84%
77 LT Tyron Smith
84%
54 OLB Jaylon Smith
83%
70 RG Zack Martin
80%
90 DE Demarcus Lawrence
76%
55 MLB Leighton Vander-Esch
73%
(Head Coach) HC Jason Garrett
71%
31 CB Byron Jones
68%
50 MLB Sean Lee
66%
11 WR Cole Beasley
62%
71 RT La'el Collins
60%
30 CB Anthony Brown
56%
38 S Jeff Heath
56%
(RB Coach) RBC Gary Brown
55%
10 PR Tavon Austin
55%
89 TE Blake Jarwin
54%
24 CB Chidobe Awuzie
51%
27 CB Jourdan Lewis
47%
17 WR Allen Hurns
46%
73 C Joe Looney
46%
94 DE Randy Gregory
46%
99 DT Antwaun Woods
44%
57 OLB Damien Wilson
42%
(QB Coach) QBC Kellen Moore
40%
87 TE Geoff Swaim
32%
(Def. Coordinator) DC Rod Marinelli
26%
95 DT David Irving
22%
35 S Kavon Frazier
20%
76 LG Xavier Su'a-Filo
19%
(O-Line) OLC Marc Columbo
8%
(Def. Back) DBC Kris Richards
7%
No matching quizzes found
Score Distribution
Percent of People with Each Score
Percentile by Number Answered
Your Score History
You have not taken this quiz since the last reset